000 00496nam a2200169Ia 4500
999 _c22423
_d22423
003 OSt
005 20200519135302.0
008 190216s9999||||xx |||||||||||||| ||und||
020 _a8171511511
040 _coclc
082 _a340.59
_bAHM/U
100 _aAhmed, Al-Haj Moinuddin
_92443
245 4 _aThe Urgency Of Ijtihad /
_c Al-Haj Moinuddin Ahmed
260 _bKitab Bhavan,
_c1992.
_a New Delhi:
300 _a141p
942 _cBK
_2ddc
_h340.59
_iAHM/U
_k340.59
_mAHM/U